Städte und Gemeinden am Niederrhein - Statistiken

Allgemein
  • Dieses Quiz wurde 150 mal gespielt
  • Das Durchschnittsergebnis liegt bei 23 aus 45
Antwortstatistiken
Einwohner 2019 Stadt % Korrekt
621.877 Düsseldorf
92%
498.686 Duisburg
91%
227.417 Krefeld
86%
103.902 Moers
84%
261.034 Mönchengladbach
84%
153.896 Neuss
78%
60.230 Wesel
78%
52.388 Kleve
77%
21.607 Xanten
72%
77.102 Viersen
70%
30.961 Emmerich
66%
210.764 Oberhausen
64%
67.373 Dinslaken
60%
33.730 Geldern
56%
37.596 Kamp-Lintfort
55%
34.205 Goch
54%
12.479 Alpen
53%
28.087 Kevelaer
53%
30.854 Rheinberg
53%
34.514 Kempen
51%
8.673 Sonsbeck
51%
10.786 Weeze
50%
36.017 Voerde
49%
13.598 Hünxe
47%
16.257 Straelen
47%
21.100 Rees
44%
12.548 Kerken
42%
26.858 Hamminkeln
41%
11.977 Issum
41%
50.391 Willich
41%
13.884 Kalkar
40%
42.496 Nettetal
39%
8.224 Uedem
35%
8.129 Wachtendonk
34%
13.602 Schermbeck
33%
14.753 Grefrath
32%
29.336 Tönisvorst
32%
10.719 Kranenburg
30%
6.515 Rheurdt
29%
42.236 Heinsberg
28%
18.969 Schwalmtal
26%
12.955 Bedburg-Hau
23%
15.745 Brüggen
23%
15.557 Niederkrüchten
22%
27.187 Neukirchen-Vluyen
3%
Keine übereinstimmenden Quizze gefunden
Verteilung der Resultate
Anzahl Personen mit jedem Resultat
Perzentil nach korrekt beantworteten Fragen
Ihre Resultats-Entwicklung
Sie haben dieses Quiz noch nicht gespielt